| 000 | 00412nam a22001577a 4500 | ||
|---|---|---|---|
| 005 | 20180203103541.0 | ||
| 008 | 160427b xxu||||| |||| 00| 0 eng d | ||
| 020 | _a81-203-0933-2 | ||
| 041 | _aeng | ||
| 082 |
_b00305 _a004.165 |
||
| 100 |
_aUffenbeck, John _9122 |
||
| 245 | _aThe 8086/8088 Family: Design, Programming, and Interfacing | ||
| 260 |
_aNew Delhi _bPHI Pvt Ltd. _c2003 |
||
| 300 | _a630 | ||
| 942 | _cBK | ||
| 999 |
_c103 _d103 |
||